Star Wars : A Question of Initiative

Gespeichert in:
Bibliographische Detailangaben
1. Verfasser: Ennals, Richard
Format: Buch
Sprache:Undetermined
Veröffentlicht: Chichester John Wiley and Sons 1986
Schlagworte:
Tags: Tag hinzufügen
Keine Tags, Fügen Sie den ersten Tag hinzu!
Thư viện lưu trữ: Trung tâm Học liệu Trường Đại học Cần Thơ
LEADER 00516nam a2200193Ia 4500
001 CTU_82571
008 210402s9999 xx 000 0 und d
082 |a 358 
082 |b E59 
100 |a Ennals, Richard 
245 0 |a Star Wars : 
245 2 |b A Question of Initiative 
245 0 |c Richard Ennals 
260 |a Chichester 
260 |b John Wiley and Sons 
260 |c 1986 
650 |a Strategic defense initiative 
904 |i QHieu(sửa) 
980 |a Trung tâm Học liệu Trường Đại học Cần Thơ